| 000 | 00403nam a2200157Ia 4500 | ||
|---|---|---|---|
| 008 | 230312s9999||||xx |||||||||||||| ||und|| | ||
| 020 | _a9971-51-380-3 | ||
| 082 |
_a621.3815 _bDEM-D |
||
| 100 | _aDemassa;Thomas.A | ||
| 245 | 0 | _aDigital Integrated Circuits | |
| 260 |
_bWiley & Sons _aIndia _c1996 |
||
| 300 | _a683 | ||
| 546 | _aEng. | ||
| 650 |
_aEngineering _vigital Integrated Circuits |
||
| 942 | _cBK | ||
| 999 |
_c7803 _d7803 |
||